Önderlik gerçeği ve PKK deneyimi /

Saved in:
Bibliographic Details
Main Author: Öcalan, Abdullah.
Format: Book
Language:Turkish
Published: [Köln] : Weşanên Serxwebûn, 1992-
Edition:1. baskı.
Subjects:
Tags: Add Tag
No Tags, Be the first to tag this record!
LEADER 00786nam a2200253 a 4500
001 007700531-7
005 20020606104010.5
008 980209m19929999gw 000|0 tur d
035 0 |a ocm39015102 
043 |a a-tu--- 
090 |a DR435.K87  |b O345 1992x 
100 1 |a Öcalan, Abdullah. 
245 1 0 |a Önderlik gerçeği ve PKK deneyimi /  |c Abdullah Öcalan. 
246 1 0 |a Önderlik gerçeği ve Partiya Karkere Kürdistan deneyimi 
250 |a 1. baskı. 
260 |a [Köln] :  |b Weşanên Serxwebûn,  |c 1992-  |f (Agri Verlag). 
300 |a v. ;  |c 20 cm. 
500 |a Vol. 1: "55." 
610 2 0 |a Partiya Karkerên Kurdistanê. 
650 0 |a Kurds  |z Turkey  |x Politics and government. 
651 0 |a Turkey  |x Ethnic relations. 
752 |a Germany  |d Cologne. 
988 |a 20020608 
906 |0 MH